Vật lý
Sách giới thiệu một số vật dụng, hiện tượng, thí nghiệm vật lý trong cuộc sống hàng ngày như: mao dẫn, kính vạn hoa, máy hát, tia lazer, động cơ nhiệt, tia cực tím
保存先:
| フォーマット: | 図書 |
|---|---|
| 言語: | Undetermined |
| 出版事項: |
Thành phố Hồ Chí Minh
Trẻ
2004
|
| 主題: | |
| タグ: |
タグ追加
タグなし, このレコードへの初めてのタグを付けませんか!
|
| Thư viện lưu trữ: | Trung tâm Học liệu Trường Đại học Cần Thơ |
|---|
| LEADER | 00733nam a2200193Ia 4500 | ||
|---|---|---|---|
| 001 | CTU_92211 | ||
| 008 | 210402s9999 xx 000 0 und d | ||
| 020 | |c 10000 | ||
| 082 | |a 530 | ||
| 082 | |b V124 | ||
| 245 | 0 | |a Vật lý | |
| 245 | 0 | |c Hồ Cúc (dịch) | |
| 260 | |a Thành phố Hồ Chí Minh | ||
| 260 | |b Trẻ | ||
| 260 | |c 2004 | ||
| 520 | |a Sách giới thiệu một số vật dụng, hiện tượng, thí nghiệm vật lý trong cuộc sống hàng ngày như: mao dẫn, kính vạn hoa, máy hát, tia lazer, động cơ nhiệt, tia cực tím | ||
| 650 | |a Physics | ||
| 904 | |i Vương, H.Mai | ||
| 980 | |a Trung tâm Học liệu Trường Đại học Cần Thơ | ||